00998 a2200217 4500003000500000005001700005010001700022020002800039040000900067082001500076100001600091245010800107260003700215300002900252440004600281505027800327650003500605700002400640700002500664856009100689Nust20220812150212.0 a 2004051935 a0849330351 (alk. paper) cNust00a621.3810441 aEmadi, Ali.10aUninterruptible power supplies and active filters /cAli Emadi, Abdolhosein Nasiri, Stoyan B. Bekiarov. aBoca Raton :bCRC Press,cc2005. a276 p. :bill. ;c25 cm. 0aPower electronics and applications series aUninterruptible Power Supplies (Page-1), Active Filters (Page-63), Unified Power Quality Conditioners (Page-117), Reduced-Parts Uninterruptible Power Supplies (Page-133), Reduced-Parts Active Filters (Page-211) Modeling, Analysis, and Digital Control References (Page-271). 0aTelecommunication Engineering.1 aBekiarov, Stoyan B.1 aNasiri, Abdolhosein.423Publisher descriptionuhttp://www.loc.gov/catdir/enhancements/fy0647/2004051935-d.html